Chủ nghĩa cấu trúc và văn học : Nghiên cứu - văn bản - Thuật ngữ

Salvato in:
Dettagli Bibliografici
Autore principale: Trịnh Bá Đĩnh
Natura: Libro
Lingua:Vietnamese
Pubblicazione: Văn học ; Trung tâm nghiên cứu Quốc học 2002
Tags: Aggiungi Tag
Nessun Tag, puoi essere il primo ad aggiungerne! !
Thư viện lưu trữ: Mạng thư viện Đại học Đà Nẵng
LEADER 00713nam a2200253 4500
001 000022090
003 18538
005 20150424140434.0
008 150424s2002 viesd
020 |c 64000 
041 0 |a vie 
082 1 4 |a 807,2  |b TR-Đ 
100 1 |a Trịnh Bá Đĩnh 
245 1 0 |a Chủ nghĩa cấu trúc và văn học : Nghiên cứu - văn bản - Thuật ngữ  |c Trịnh Bá Đĩnh 
260 |b Văn học ; Trung tâm nghiên cứu Quốc học  |c 2002 
300 |a tr.  |c cm. 
OWN |a LSP 
999 |a From the UDN01 
TYP |a Monograph 
TYP |a Printed language 
980 |a Mạng thư viện Đại học Đà Nẵng